|
|
|
|
| LEADER |
00000nam0a2200000 4500 |
| 001 |
56619 |
| 005 |
20231031053635.0 |
| 035 |
|
|
|a (RuTPU)RU\TPU\book\59474
|
| 090 |
|
|
|a 56619
|
| 100 |
|
|
|a 20031003d1947 k y0rusy50 ca
|
| 101 |
0 |
|
|a rus
|
| 102 |
|
|
|a SU
|
| 105 |
|
|
|a y z 001zy
|
| 200 |
1 |
|
|a Русские летописи и их культурно-историческое значение
|f Д. С. Лихачев
|g Академия наук СССР (АН СССР), Институт русской литературы (Пушкинский Дом) (ИРЛИ)
|
| 210 |
|
|
|a Москва
|c Изд-во АН СССР
|d 1947
|
| 215 |
|
|
|a 499 с.
|d 22 см.
|
| 225 |
1 |
|
|a Научно-популярная серия
|
| 300 |
|
|
|a В дар библиотеке
|
| 320 |
|
|
|a Именной указатель: с. 480-491.
|
| 320 |
|
|
|a Библиография в примечаниях.
|
| 320 |
|
|
|a Указатель летописей: с.492-497.
|
| 320 |
|
|
|a Приложение: Важнейшие списки и группы списков русских летописей: с.427-480.
|
| 512 |
1 |
|
|a Русские летописи
|
| 610 |
1 |
|
|a русская литература
|
| 610 |
1 |
|
|a древнерусская литература
|
| 610 |
1 |
|
|a русские летописи
|
| 610 |
1 |
|
|a история
|
| 610 |
1 |
|
|a 12 век
|
| 610 |
1 |
|
|a 13 век
|
| 610 |
1 |
|
|a 14 век
|
| 610 |
1 |
|
|a 15 век
|
| 610 |
1 |
|
|a 16 век
|
| 610 |
1 |
|
|a 17 век
|
| 610 |
1 |
|
|a литературоведение
|
| 610 |
1 |
|
|a дары библиотеке
|
| 686 |
|
|
|a Ч611.68
|v LBC/SL-A
|2 rubbk
|
| 700 |
|
1 |
|a Лихачев
|b Д. С.
|g Дмитрий Сергеевич
|
| 712 |
0 |
2 |
|a Академия наук СССР (АН СССР)
|b Институт русской литературы (Пушкинский Дом) (ИРЛИ)
|c (Ленинград)
|2 stltpush
|3 (RuTPU)RU\TPU\col\6621
|
| 801 |
|
1 |
|a RU
|b 63413507
|c 20031003
|g PSBO
|
| 801 |
|
2 |
|a RU
|b 63413507
|c 20080331
|g PSBO
|
| 942 |
|
|
|c BK
|